000 00504nam a22001697a 4500
999 _c21406
_d21406
003 AR-CdUCM
008 190403b ||||| |||| 00| 0 spa d
040 _aMUNICIPALIDAD PROVINCIAL DEL CUSCO
_cBIBLIOTECA MUNICIPAL DEL CUSCO
082 _aEP/398/Y96
_bY96
245 _aYuyay ñawpachi Pachayachaykuna /
260 _aCusco :
_bUnicef,
_c2010.
300 _a6 Páginas. :
_c27 cm.
650 _aIdioma quechua.
_927790
650 _aCastellano
_97963
942 _2ddc
_cLIBROS
945 _arum
_d2019-05-02